MARC

LEADER 00000nam0a2200000 4500
001 328299
005 20231102004039.0
035 |a (RuTPU)RU\TPU\book\353999 
090 |a 328299 
100 |a 20170215d1969 km y0rusy50 ca 
101 0 |a rus 
102 |a RU 
105 |a a z 001zy 
200 1 |a Кинетическая теория фазовых превращений  |f Б. Я. Любов 
210 |a Москва  |c Металлургия  |d 1969 
215 |a 263 с.  |c ил. 
320 |a Библиогр.: с. 259-263 
606 1 |a Металлы  |x Фазовые превращения  |x Фазовый анализ  |x Фазовые переходы  |2 stltpush  |3 (RuTPU)RU\TPU\subj\43231  |9 62781 
610 1 |a кинетическая теория 
610 1 |a бездиффузные процессы 
610 1 |a твердые растворы 
610 1 |a внешние напряжения 
610 1 |a атомы 
610 1 |a структурные напряжения 
610 1 |a суммарная кинетика 
610 1 |a легирование 
610 1 |a гидростатическое давление 
610 1 |a сплавы 
675 |a 669.017.3  |v 4 
700 1 |a Любов  |b Б. Я.  |g Борис Яковлевич 
801 1 |a RU  |b 63413507  |c 20170215 
801 2 |a RU  |b 63413507  |c 20180716  |g RCR 
942 |c BK